| 000 | 01240nam a22002897a 4500 | ||
|---|---|---|---|
| 005 | 20240530110542.0 | ||
| 008 | 160217s2013 ku ako g b 000 0 ara d | ||
| 017 |
_a2011/3/1109 _bالكويت . دائرة المكتبة الوطنية |
||
| 020 | _a9789957171322 | ||
| 040 | _aEG-CaGPL | ||
| 082 | 0 | 4 |
_221 _a070.4496\ _bح و |
| 100 | 0 | _aحسنى محمد نصر | |
| 245 | 1 | 0 |
_aوسائل الاعلام الجديدة : _bاسس التغطية و الكتابة و التصميم و الاخراج فى الصحافة الالكترونية / _cتاليف حسنى محمد نصر |
| 250 | _aط1 | ||
| 260 |
_aالكويت : _bمكتبة الفلاح للنشر و التوزيع ، _c2013 . |
||
| 300 |
_a382 ص : _bايض ؛ _c24 سم . |
||
| 504 | _aيشتمل على ارجاعات ببليوجرافية | ||
| 650 | 0 | 4 | _aالانترنت |
| 650 | 0 | 4 | _aالصحافة الالكترونية |
| 650 | 0 | 4 | _aوسائل الاعلام |
| 650 | 0 | 4 | _aصحافة الموبايل |
| 650 | 0 | 4 | _aالصحافة الاذاعية |
| 650 | 0 | 4 |
_aالصحافة الالكترونية _xتصميم |
| 650 | 0 | 4 |
_aالصحافة الالكترونية _xاخراج |
| 942 |
_2ddc _cBK |
||
| 999 |
_c62288 _d62288 |
||